000 00945nam a2200217Ia 4500
003 Ost
005 20260507075428.0
008 260507s9999||||xx |||||||||||||| ||und||
040 _cfsecg
041 _aara
082 _a330
100 _aالعبادي، جمال اصبيحات
_eمؤلف
245 0 _aالاقتصاد الهندسي /
_c جمال اصبيحات العبادي
260 _aعمان:
_bمكتبة المجتمع العربي,
_c2008
300 _a294 صفحة؛
_bإيضاحات ؛
_c25 سم
504 _aببليوغرافيا: 291-292 كشاف مصطلحات: ص.281؛ ملاحق: ص. 251
520 _aمداخل عامة، حسابات التكافؤ، تقييم البدائل الهندسية ومقارنتها واتخاذ القرارات بشأنها، تطبيقات في الاقتصاد الهندسي
653 _aالإقتصاد
653 _aالإقتصاد الهندسي
942 _cكتاب
999 _c44497
_d44497